| 000 | 01086nam a2200289Ia 4500 | ||
|---|---|---|---|
| 003 | OSt | ||
| 005 | 20220923211226.0 | ||
| 006 | a|||||r|||| 00| 0 | ||
| 007 | ta | ||
| 008 | 220922b |||||||| |||| 00| 0 hin d | ||
| 020 |
_a9788170289425 (hbk) _c595 |
||
| 024 | _a324,687 | ||
| 037 |
_b396, 12/03/2018, Eastern Book Linkers _cTextual |
||
| 040 |
_aARTS _cARTS _bhin |
||
| 041 |
_2hin _ahin |
||
| 082 | _aO155,3x, 152Q1 | ||
| 100 | _aकमलेश्वर, संपा. | ||
| 245 | 0 | _aमराठी की चुनी हुई कहानियॉं | |
| 246 | _aMarāṭhī kī chunī huī kahāniyaॉan | ||
| 260 |
_aदिल्ली _b राजपाल एण्ड सन्ज़ _c2011 |
||
| 300 |
_a438पृ. _ccm. |
||
| 490 | _aभारतीय शिखर कथा कोश | ||
| 650 | _a मराठी साहित्य | ||
| 650 | _aमराठी कहानी | ||
| 942 |
_hO155,3x, 152Q1 _cTEXL _2CC |
||
| 999 |
_c297239 _d297239 |
||